01181 a2200205 4500003000500000005001700005010001300022040000900035082001200044100003400056245004400090260004200134300002100176505055400197600003400751650003800785942001200823999001900835952012100854Nust20230306113850.0 a39000783 cNust a330,WYA aWyatt, Thomas William9109832 aMoney and the machine age /cT.W. Wyatt aP.S. King & Son, Ltd.,bLondon,c1937 aix, 120 pb19 cm aCure Of Unemployement (Page-11), Basic Economic Facts (Page-32), The Trade Cycle (Page-34), The Position After The War Of 1914/18 (Page-36), The Gold Standard (Page-40), The Return To The Gold Standard In 1925 (Page-48), Collapse Of Gold Standard (Page-54), Balance Of Trade (Page-68), The National Debt (Page-77), Balancing The Budget (Page-84), The Cost Fallacy (Page-87), Money And Bank Deposits (Page-93), Inflation And Deflation (Page-102), Devaluation (Page-110), Idle Money (Page-115), Finance In Peace Time (Page-116), Conclusion (Page-119). aWyatt, Thomas William9109832 aMoney and the machine age9109833 2ddccBK c184605d184605 00102ddc4070aMCSbMCScGENd2016-12-12o330,WAYpMCS30007r2016-12-08w2016-12-12yBKzAlmirah No.73, Shelf No.5